01444 2200349 4500001002100000005001500021035002000036007000300056008004100059040002200100043001200122100030000134245011000434250002600544300003800570999002400608020001800632041001400650082001400664084002400678090002400702264003000726336002000756337002900776338002200805520018100827521001501008650001501023700002801038850001201066990001601078INLIS00000000001528020260507123852 a0010-1025000874ta251028s2015 nti g b 01 0 ind  aNTPDKUPbinderda aa-io-nt aJohn Dami Mukese-d1950dJohn Dami Mukese-d1950d1950dJohn Dami Mukese-d1950dJohn Dami Mukese-d1950d1950d1950dJohn Dami Mukese-d1950d1950eEditoreEditoreJohn Dami Mukese-eEditoreEditoreEditoreJohn Dami Mukese-eEditoreJohn Dami Mukese-eEditoreEditoreJohn Dami Mukese-eEditor 0aKirbat baru untuk anggur :bmenjala di laut yang lebih dalam /cJohn Dami Mukese, Fransiskus Obon, editor aCetakan Pertama, 2015 a410 halaman :bilustrasi ;c21 cm aCB-D.16.22 2015-021 a979-429-352-0 aIndonesia142[23]a238 aCB-D.16.03 2015-021 aCB-D.16.03 2015-021 aEnde :bNusa Indah,c2015 2teks rdacontent 2tanpa perantara rdamedia 2volume rdacarrier aKirbat bukan saja efektif menyimpan anggur cinta dan kehidupan yang mengalir dari suka cita Injil, melainkan juga kreatif dan dinamik dalam mewartakannya sesuai kebutuhan zaman aUntuk Umum aKatekismus aFransiskus OboneEditor aNTPDKUP a00000119671